1161 1814 1462 1856 1895 1020 1286 1362 1748 1565 1597 1931 1626 1309 1110 1627 1432 1875 1323 1239 1934 1723 1783 1550 1859 1027 1341 1014 1955 1476 1965 1336 1543 1290 1942 1084 1789 1094 1892 1101 1761 1205 1088 1069 1544 1108 1648 1906 1656 1057 1725 1472 1949 1084 1212 1590 1316 1074 1014 1447 1689 1067 2000 1528 1169 1252 1728 1408 1291 1515 1679 1476 1900 1399 1694 1473 1400 1720 1515 1055 1834 1579 1031 1237 1480 1827 1857 1154 1854 1671 1399 1932 1686 1199 1900 1886 1562 1295 1452 BCNSPRNW ULIB Ver.6.0+V

เปลี่ยนเป็นภาษาไทย

Change to English
 แสดงรายละเอียดบรรณานุกรม
  กลับหน้าหลัก

Brief Record : Get Marc (ISO 2709) : E-mail record : QR code < ปิดหน้าต่าง
LEADER : 00000nam 2200000uu 4500
001    13399113426
003     ULIB
008    111115s2546||||th 000 0 tha d
020    ^a9743227466
020    ^a9789743227462
050  4 ^aAC159^bพ239ค
100 0  ^aพรทิพย์ โรจนสุนันท์,^cคุณหญิง,^d2497-
245 10 ^aคิดทางขวาง /^cพ.ญ. คุณหญิงพรทิพย์ โรจนสุนันท์
250    ^aพิมพ์ครั้งที่ 3
260    ^aกรุงเทพฯ :^bมติชน,^c2546
300    ^a216 หน้า :^bภาพประกอบ ;^c21 ซม.
650  7 ^aรวมเรื่อง
945    ^p158^l0^i11845
995    ^aกัณชพร
999    ^aใช้งานได้ทุกระบบ
รายการนี้ยังไม่มีแท็ก
คุณยังไม่ได้ล็อกอิน คุณสามารถมีกิจกรรมร่วมกับเว็บไซต์ได้ แต่ต้องล็อกอินก่อน ::
  ล็อกอิน

รายการสื่อสารสนเทศ

ลำดับที่ ประเภท เลขเรียก/บาร์โค้ด สถานที่ สถานะ
- ไม่พบข้อมูล -

รายการใกล้เคียง
    หัวเรื่อง [รวมเรื่อง]

BibComment


ยังไม่เคยถูกคอมเมนท์

คอมเมนท์ทรัพยากรรายการนี้
  คอมเมนท์: คิดทางขวาง พญ ค..


 Copyright 2026. Bcnsprnw @Library